000 00523nam a2200169 i 4500
001 95014
003 ES-MaACL
005 20230906181619.0
007 t|
008 050519s1932 sp ||||1| spa d
100 1 _aLudwig, Emil.
_974618
245 1 0 _aBismarck
_b: historia de un luchador /
_cEmil Ludwig; traducción de M. Ramírez Valladares.
260 _aBarcelona :
_bAtenas,
_c[1932]
300 _a715 p., 15 lám. ;
_c22 cm.
700 1 _aRamírez Valladares, Manuel.
_995177
852 _aES-MaACL
_jA-5298
_bR.18133
999 _c95014
_d95014